| 000 | 00000nam 2200000zi 4500 |
| 001 | 9.917943 |
| 003 | CaOODSP |
| 005 | 20221214111100 |
| 006 | m o d f |
| 007 | cr mn||||||||| |
| 008 | 221202s2021 onca ob f000 0 eng d |
| 040 | |aCaOODSP|beng|erda|cCaOODSP |
| 086 | 1 |aEn56-302/2021E-PDF |
| 245 | 00|aMeasuring discharge with acoustic doppler current profilers from a moving boat. |
| 250 | |aVersion 2.0. |
| 264 | 4|aOttawa, Ontario : |bWater Survey of Canada, |c2021. |
| 300 | |a1 online resource (i, x, 129 pages) : |billustrations (some colour) |
| 336 | |atext|btxt|2rdacontent |
| 337 | |acomputer|bc|2rdamedia |
| 338 | |aonline resource|bcr|2rdacarrier |
| 500 | |aOn cover: Version adapted for Water Survey of Canada based on Techniques and Methods 3-A22, U.S. Geological Survey. |
| 504 | |aIncludes bibliographical references. |
| 520 | 3 |a"The use of acoustic Doppler current profilers (ADCPs) from a moving boat is now a commonly used method for measuring streamflow. The technology and methods for making ADCP-based discharge measurements are different from the technology and methods used to make traditional discharge measurements with mechanical meters. Although the ADCP is a valuable tool for measuring streamflow, it is only accurate when used with appropriate techniques. This report presents guidance on the use of ADCPs for measuring streamflow; this guidance is based on the experience of U.S. Geological Survey and Water Survey of Canada employees and published reports and papers. The guidance is presented in a logical progression, from pre-deployment planning, to field data collection, and finally to post-processing of the collected data. Acoustic Doppler technology and instruments are discussed to highlight their advantages and limitations. More in-depth, technical explanations of how an ADCP measures streamflow and what to do when measuring in moving-bed conditions are presented in the appendices. ADCP users need to know the proper procedures for measuring discharge from a moving boat and why those procedures are required, so that when the user encounters unusual field conditions, the procedures can be adapted without sacrificing the accuracy of the streamflow-measurement data"--Abstract, page 1. |
| 650 | 0|aStream measurements. |
| 650 | 0|aStream measurements|xInstruments. |
| 650 | 0|aUnderwater acoustics|xInstruments. |
| 650 | 6|aCours d'eau|xJaugeage. |
| 650 | 6|aCours d'eau|xJaugeage|xInstruments. |
| 650 | 6|aAcoustique sous-marine|xInstruments. |
| 710 | 2 |aWater Survey of Canada, |eissuing body. |
| 856 | 40|qPDF|s3.31 MB|uhttps://publications.gc.ca/collections/collection_2022/eccc/En56-302-2021-eng.pdf |